| 000 | 00850nam a2200313Ia 4500 | ||
|---|---|---|---|
| 001 | Z_6119 | ||
| 003 | CHAP | ||
| 008 | 220113s2009 xx 000 0 und d | ||
| 010 | _a168895 | ||
| 020 | _a978-607-17-0032-2 | ||
| 040 | _cCHAP | ||
| 082 | _a636.20982 R36 2009 | ||
| 100 |
_aRamírez Lozano, Roque Gonzalo _994105 |
||
| 245 |
_aNutrición de rumiantes: sistemas extensivos / _cRoque Gonzalo Ramírez Lozano |
||
| 250 | _a2a ed. | ||
| 260 |
_aMéxico : _bTrilla, _c2009 |
||
| 300 | _a314 p. | ||
| 503 | _aej.1: C/E | ||
| 504 | _aIncluye bibliografía e índice | ||
| 650 |
_aNutrición animal _982275 |
||
| 650 |
_aRumiantes _x _x Alimentación y alimentos _9139947 |
||
| 650 |
_aRumiantes _xNutrición _9100847 |
||
| 901 | _a636.20982 R36 2009 | ||
| 902 | _aA | ||
| 910 | _a2009 | ||
| 942 | _c1 | ||
| 942 | _cc1 | ||
| 999 |
_c168895 _d168895 |
||